Statistics for Pokémon that Start with H

Click here to take the quiz!

General Stats

  • This quiz has been taken 1,062 times
    (392 since last reset)
  • The average score is 18 of 32

Answer Stats

GenAnswer% Correct
IHitmonchan
75%
IHitmonlee
75%
IIHitmontop
72%
IHaunter
70%
IIIHariyama
67%
IIHoundoom
67%
IIHoundour
66%
IIHoppip
66%
VIHelioptile
63%
VIHeliolisk
63%
IIHeracross
62%
IVHappiny
61%
IIHoothoot
59%
IVHeatran
57%
IIHo-oh
57%
VIIIHatterene
57%
IHypno
57%
IHorsea
56%
IVHippowdon
55%
IVHippopotas
55%
VIHawlucha
55%
VIIIHattrem
55%
VIIIHatenna
54%
VHydreigon
52%
IIIHuntail
51%
VHeatmor
50%
VHaxorus
49%
VHerdier
45%
VIHoopa
45%
IVHonchkrow
42%
VIHonedge
39%
VIIHakamo-o
30%

Score Distribution

Percentile by Number Answered

Percent of People with Each Score

Your Score History

You have not taken this quiz since the last reset